000 00507nam a2200181Ia 4500
003 GCL
008 140319s9999 xx 000 0 ara d
040 _aGCL /
_cGCL
082 0 4 _aط
_b372.5
_bح م
100 1 _aحلمى التونى
245 1 0 _aالمنمنمات /
_cحلمى التونى
490 _aالهيئة العامة للاستعلامات
_v0
650 0 4 _aالتعليم
650 0 4 _aالاطفال
650 0 4 _aقصص الاطفال
650 0 4 _aالتلوين
942 _2ddc
_cBK
999 _c51456
_d51456